[Event "30th Klatovy A 2024"]
[Site "Klatovy CZE"]
[Date "2024.06.29"]
[Round "1.1"]
[White "Benes, Jachym"]
[Black "Straka, Vojtech"]
[Result "0-1"]
[WhiteElo "1940"]
[BlackElo "2436"]
[PlyCount "56"]
[EventDate "2024.06.29"]
[EventType "swiss"]
[EventRounds "9"]
[EventCountry "CZE"]

1. d4 {[%emt 0:00:06]} Nf6 {[%emt 0:00:57]} 2. c4 {[%emt 0:00:07]} e6 {[%emt 0:00:19]} 3. Nf3 {[%emt 0:00:15]} c5 {[%emt 0:00:43]} 4. e3 {[%emt 0:03:25]} d5 {[%emt 0:01:33]} 5. Nc3 {[%emt 0:00:48]} a6 {[%emt 0:00:17]} 6. cxd5 {[%emt 0:08:28]} exd5 {[%emt 0:00:35]} 7. Bd3 {[%emt 0:02:17]} Nc6 {[%emt 0:03:47]} 8. h3 {[%emt 0:05:10]} Bd6 {[%emt 0:06:46]} 9. O-O {[%emt 0:02:03]} O-O {[%emt 0:02:19]} 10. a3 {[%emt 0:01:53]} b6 {[%emt 0:21:23]} 11. Qc2 {[%emt 0:06:19]} c4 {[%emt 0:12:22]} 12. Bf5 {[%emt 0:02:11]} Re8 {[%emt 0:00:37]} 13. Re1 {[%emt 0:02:19]} Bc7 {[%emt 0:09:52]} 14. Bxc8 {[%emt 0:12:47]} Rxc8 {[%emt 0:01:16]} 15. b3 {[%emt 0:00:25]} cxb3 {[%emt 0:05:04]} 16. Qxb3 {[%emt 0:00:17]} b5 {[%emt 0:00:28]} 17. Bd2 {[%emt 0:01:53]} Na5 {[%emt 0:01:01]} 18. Qb1 {[%emt 0:01:49]} Nc4 {[%emt 0:02:40]} 19. Qd3 {[%emt 0:01:37]} Ne4 {[%emt 0:01:27]} 20. Rec1 {[%emt 0:01:55]} Qd6 {[%emt 0:12:28]} 21. Be1 {[%emt 0:07:27]} Ba5 {[%emt 0:01:44]} 22. Ne5 {[%emt 0:05:37]} Bxc3 {[%emt 0:03:36]} 23. Bxc3 {[%emt 0:00:14]} Nxa3 {[%emt 0:02:14]} 24. Bb2 {[%emt 0:02:01]} Nc4 {[%emt 0:01:50]} 25. Nxc4 {[%emt 0:00:22]} dxc4 {[%emt 0:00:17]} 26. Qc2 {[%emt 0:05:57]} c3 {[%emt 0:00:37]} 27. f3 {[%emt 0:00:25]} cxb2 {[%emt 0:01:15]} 28. Qxc8 {[%emt 0:00:13]} Nf6 {[%emt 0:00:51]} 0-1

[Event "30th Klatovy A 2024"]
[Site "Klatovy CZE"]
[Date "2024.06.29"]
[Round "1.2"]
[White "Slovak, Kilian"]
[Black "Richter, Martin 1969"]
[Result "0-1"]
[WhiteElo "2271"]
[BlackElo "1921"]
[PlyCount "92"]
[EventDate "2024.06.29"]
[EventType "swiss"]
[EventRounds "9"]
[EventCountry "CZE"]

1. e4 {[%emt 0:00:06]} e6 {[%emt 0:00:11]} 2. d4 {[%emt 0:00:18]} d5 {[%emt 0:00:08]} 3. Nc3 {[%emt 0:00:09]} Bb4 {[%emt 0:00:12]} 4. exd5 {[%emt 0:00:14]} exd5 {[%emt 0:00:25]} 5. Bd3 {[%emt 0:00:09]} Nc6 {[%emt 0:01:03]} 6. Nf3 {[%emt 0:00:09]} Nf6 {[%emt 0:00:52]} 7. O-O {[%emt 0:00:17]} O-O {[%emt 0:00:22]} 8. Ne2 {[%emt 0:00:10]} Bg4 {[%emt 0:01:04]} 9. Ne5 {[%emt 0:11:48]} Nxe5 {[%emt 0:12:03]} 10. dxe5 {[%emt 0:00:56]} Nd7 {[%emt 0:02:30]} 11. f3 {[%emt 0:04:36]} Bh5 {[%emt 0:09:01]} 12. Nf4 {[%emt 0:04:01]} Bc5+ {[%emt 0:00:16]} 13. Kh1 {[%emt 0:00:10]} Bg6 {[%emt 0:00:32]} 14. Bxg6 {[%emt 0:01:42]} hxg6 {[%emt 0:00:39]} 15. Qxd5 {[%emt 0:03:33]} c6 {[%emt 0:00:57]} 16. Qc4 {[%emt 0:01:08]} b5 {[%emt 0:02:56]} 17. Qe4 {[%emt 0:01:17]} Qb6 {[%emt 0:00:32]} 18. e6 {[%emt 0:03:21]} Nf6 {[%emt 0:09:52]} 19. exf7+ {[%emt 0:01:25]} Rxf7 {[%emt 0:00:09]} 20. Qxg6 {[%emt 0:00:50]} Re8 {[%emt 0:02:28]} 21. Bd2 {[%emt 0:04:23]} Be3 {[%emt 0:01:40]} 22. Bxe3 {[%emt 0:01:45]} Qxe3 {[%emt 0:00:10]} 23. Nd3 {[%emt 0:01:13]} Qe2 {[%emt 0:07:04]} 24. Rac1 {[%emt 0:18:03]} Rfe7 {[%emt 0:07:10]} 25. Qg3 {[%emt 0:10:03]} Qd2 {[%emt 0:03:59]} 26. Rfd1 {[%emt 0:01:15]} Qa5 {[%emt 0:01:29]} 27. a3 {[%emt 0:00:14]} Nd5 {[%emt 0:00:58]} 28. c3 {[%emt 0:16:57]} Qb6 {[%emt 0:03:40]} 29. Rd2 {[%emt 0:18:49]} Qe3 {[%emt 0:09:40]} 30. Qf2 {[%emt 0:07:16]} Qh6 {[%emt 0:04:01]} 31. Re1 {[%emt 0:01:39]} Ne3 {[%emt 0:02:16]} 32. Rde2 {[%emt 0:00:51]} Nd1 {[%emt 0:05:37]} 33. Qf1 {[%emt 0:00:13]} Ne3 {[%emt 0:00:20]} 34. Qg1 {[%emt 0:00:05]} Nf5 {[%emt 0:00:46]} 35. g4 {[%emt 0:02:49]} Rxe2 {[%emt 0:01:39]} 36. gxf5 {[%emt 0:03:43]} Rxe1 {[%emt 0:06:03]} 37. Nxe1 {[%emt 0:00:01]} Qe3 {[%emt 0:00:18]} 38. Qxe3 {[%emt 0:01:11]} Rxe3 {[%emt 0:00:08]} 39. Nc2 {[%emt 0:00:02]} Re2 {[%emt 0:03:14]} 40. Nd4 {[%emt 0:00:01]} Rxb2 {[%emt 0:00:15]} 41. Nxc6 {[%emt 0:00:02]} a6 {[%emt 0:00:13]} 42. Nb4 {[%emt 0:00:37]} a5 {[%emt 0:00:15]} 43. Nc6 {[%emt 0:00:01]} a4 {[%emt 0:00:18]} 44. Nd4 {[%emt 0:00:03]} Kf7 {[%emt 0:00:27]} 45. Kg1 {[%emt 0:01:46]} Kf6 {[%emt 0:00:44]} 46. f4 {[%emt 0:00:54]} Rb3 {[%emt 0:03:47]} 0-1

[Event "30th Klatovy A 2024"]
[Site "Klatovy CZE"]
[Date "2024.06.29"]
[Round "1.3"]
[White "Pick, Stepan"]
[Black "Skypala, Ondrej"]
[Result "0-1"]
[WhiteElo "1919"]
[BlackElo "2223"]
[PlyCount "116"]
[EventDate "2024.06.29"]
[EventType "swiss"]
[EventRounds "9"]
[EventCountry "CZE"]

1. Nf3 {[%emt 0:00:02]} Nf6 {[%emt 0:00:04]} 2. c4 {[%emt 0:00:07]} e6 {[%emt 0:00:07]} 3. g3 {[%emt 0:00:31]} b6 {[%emt 0:00:04]} 4. Bg2 {[%emt 0:00:22]} Bb7 {[%emt 0:00:12]} 5. O-O {[%emt 0:00:22]} Be7 {[%emt 0:00:09]} 6. d4 {[%emt 0:01:03]} O-O {[%emt 0:00:07]} 7. Nc3 {[%emt 0:01:13]} d6 {[%emt 0:02:07]} 8. d5 {[%emt 0:06:49]} exd5 {[%emt 0:00:16]} 9. cxd5 {[%emt 0:00:24]} Nbd7 {[%emt 0:00:42]} 10. Nd4 {[%emt 0:03:26]} Re8 {[%emt 0:02:09]} 11. b3 {[%emt 0:02:24]} Ng4 {[%emt 0:02:13]} 12. f4 {[%emt 0:05:28]} Bf6 {[%emt 0:03:18]} 13. e4 {[%emt 0:02:23]} h5 {[%emt 0:00:06]} 14. h3 {[%emt 0:01:24]} Nh6 {[%emt 0:00:06]} 15. Bb2 {[%emt 0:02:53]} Nc5 {[%emt 0:01:24]} 16. b4 {[%emt 0:03:06]} Ba6 {[%emt 0:00:25]} 17. Nc6 {[%emt 0:06:15]} Qd7 {[%emt 0:00:31]} 18. bxc5 {[%emt 0:04:27]} Bxf1 {[%emt 0:00:09]} 19. Bxf1 {[%emt 0:04:34]} Bxc3 {[%emt 0:00:17]} 20. Bxc3 {[%emt 0:00:42]} Rxe4 {[%emt 0:00:08]} 21. Bd3 {[%emt 0:25:29]} Re3 {[%emt 0:02:15]} 22. Kf2 {[%emt 0:02:02]} Rae8 {[%emt 0:00:47]} 23. Ne5 {[%emt 0:05:22]} dxe5 {[%emt 0:00:09]} 24. Kxe3 {[%emt 0:00:55]} exf4+ {[%emt 0:00:12]} 25. Kd2 {[%emt 0:01:20]} Qxd5 {[%emt 0:00:17]} 26. gxf4 {[%emt 0:07:39]} Nf5 {[%emt 0:03:27]} 27. Qh1 {[%emt 0:04:09]} Qxc5 {[%emt 0:01:38]} 28. Qg1 {[%emt 0:04:50]} Qd5 {[%emt 0:01:56]} 29. Re1 {[%emt 0:03:55]} Rd8 {[%emt 0:05:18]} 30. Re3 {[%emt 0:06:04]} g6 {[%emt 0:01:27]} 31. Kc2 {[%emt 0:01:29]} Qxa2+ {[%emt 0:00:18]} 32. Kc1 {[%emt 0:00:24]} Qa3+ {[%emt 0:00:42]} 33. Kc2 {[%emt 0:00:36]} Qa4+ {[%emt 0:00:10]} 34. Kb2 {[%emt 0:02:40]} Qxf4 {[%emt 0:14:40]} 35. Bxf5 {[%emt 0:01:01]} Qxf5 {[%emt 0:00:08]} 36. Qe1 {[%emt 0:05:47]} Qb5+ {[%emt 0:01:47]} 37. Kc2 {[%emt 0:00:22]} a5 {[%emt 0:03:05]} 38. Qh4 {[%emt 0:01:07]} Qf5+ {[%emt 0:10:41]} 39. Kb2 {[%emt 0:00:28]} f6 {[%emt 0:03:01]} 40. Qc4+ {[%emt 0:04:13]} Rd5 {[%emt 0:01:01]} 41. Re8+ {[%emt 0:02:04]} Kf7 {[%emt 0:00:24]} 42. Re5 {[%emt 0:04:17]} fxe5 {[%emt 0:08:35]} 43. Qxd5+ {[%emt 0:00:05]} Qe6 {[%emt 0:00:06]} 44. Qe4 {[%emt 0:00:30]} Qxh3 {[%emt 0:02:03]} 45. Qxe5 {[%emt 0:00:13]} Qg2+ {[%emt 0:00:12]} 46. Kb1 {[%emt 0:00:21]} Qf1+ {[%emt 0:01:14]} 47. Kb2 {[%emt 0:00:14]} Qg2+ {[%emt 0:03:00]} 48. Kb1 {[%emt 0:00:20]} Qc6 {[%emt 0:00:04]} 49. Qg7+ {[%emt 0:00:09]} Ke8 {[%emt 0:00:07]} 50. Bf6 {[%emt 0:00:58]} Qe4+ {[%emt 0:01:36]} 51. Kb2 Qb4+ {[%emt 0:00:09]} 52. Kc1 {[%emt 0:00:30]} Qc4+ {[%emt 0:00:12]} 53. Kb2 {[%emt 0:00:27]} Qf7 {[%emt 0:00:04]} 54. Qh8+ {[%emt 0:00:11]} Qf8 {[%emt 0:03:21]} 55. Qxf8+ {[%emt 0:00:08]} Kxf8 {[%emt 0:00:05]} 56. Bd8 {[%emt 0:00:04]} b5 {[%emt 0:00:04]} 57. Bxc7 {[%emt 0:00:09]} a4 {[%emt 0:00:12]} 58. Ka3 {[%emt 0:00:12]} h4 {[%emt 0:00:06]} 0-1

[Event "30th Klatovy A 2024"]
[Site "Klatovy CZE"]
[Date "2024.06.29"]
[Round "1.4"]
[White "Kucera, Petr"]
[Black "Lhotsky, Zdenek"]
[Result "1-0"]
[WhiteElo "2197"]
[BlackElo "1918"]
[PlyCount "41"]
[EventDate "2024.06.29"]
[EventType "swiss"]
[EventRounds "9"]
[EventCountry "CZE"]

1. d4 {[%emt 0:00:06]} d5 {[%emt 0:00:10]} 2. Bf4 {[%emt 0:00:10]} c5 {[%emt 0:01:00]} 3. e3 {[%emt 0:01:01]} Nf6 {[%emt 0:01:03]} 4. c3 {[%emt 0:00:13]} Nc6 {[%emt 0:00:28]} 5. Nd2 {[%emt 0:03:49]} Bf5 {[%emt 0:10:48]} 6. Qb3 {[%emt 0:01:00]} Qb6 {[%emt 0:00:39]} 7. Qxb6 {[%emt 0:01:45]} axb6 {[%emt 0:00:05]} 8. Bb5 {[%emt 0:00:15]} Nd7 {[%emt 0:05:00]} 9. Ngf3 {[%emt 0:00:40]} f6 {[%emt 0:06:46]} 10. O-O {[%emt 0:02:22]} g5 {[%emt 0:05:03]} 11. Bg3 {[%emt 0:00:41]} h5 {[%emt 0:02:06]} 12. h3 {[%emt 0:18:54]} e6 {[%emt 0:11:34]} 13. Rfe1 {[%emt 0:02:33]} Kf7 {[%emt 0:02:59]} 14. e4 {[%emt 0:05:51]} Bg6 {[%emt 0:00:27]} 15. c4 {[%emt 0:16:37]} dxe4 {[%emt 0:04:45]} 16. d5 {[%emt 0:02:43]} exd5 {[%emt 0:03:42]} 17. cxd5 {[%emt 0:00:08]} Nce5 {[%emt 0:02:16]} 18. Nxe4 {[%emt 0:04:03]} Be7 {[%emt 0:10:16]} 19. Nexg5+ {[%emt 0:03:09]} fxg5 {[%emt 0:00:39]} 20. Bxe5 {[%emt 0:00:53]} Rhd8 {[%emt 0:00:46]} 21. Bc7 {[%emt 0:02:02]} 1-0

[Event "30th Klatovy A 2024"]
[Site "Klatovy CZE"]
[Date "2024.06.29"]
[Round "1.5"]
[White "Krivka, Matej"]
[Black "Formanek, Martin"]
[Result "0-1"]
[WhiteElo "1914"]
[BlackElo "2197"]
[PlyCount "80"]
[EventDate "2024.06.29"]
[EventType "swiss"]
[EventRounds "9"]
[EventCountry "CZE"]

1. e4 {[%emt 0:00:03]} c5 {[%emt 0:00:10]} 2. Nc3 {[%emt 0:00:53]} a6 {[%emt 0:00:10]} 3. f4 {[%emt 0:00:41]} b5 {[%emt 0:00:24]} 4. Nf3 {[%emt 0:02:06]} Bb7 {[%emt 0:00:37]} 5. d3 {[%emt 0:01:46]} e6 {[%emt 0:00:43]} 6. g3 {[%emt 0:04:07]} b4 {[%emt 0:01:42]} 7. Ne2 {[%emt 0:02:07]} d5 {[%emt 0:04:49]} 8. e5 {[%emt 0:06:35]} Ne7 {[%emt 0:02:19]} 9. Bg2 {[%emt 0:04:13]} h5 {[%emt 0:03:00]} 10. c3 {[%emt 0:10:48]} Nbc6 {[%emt 0:04:13]} 11. h3 {[%emt 0:04:56]} Nf5 {[%emt 0:01:45]} 12. d4 {[%emt 0:09:00]} a5 {[%emt 0:04:28]} 13. Kf2 {[%emt 0:10:13]} Ba6 {[%emt 0:06:16]} 14. g4 {[%emt 0:08:41]} hxg4 {[%emt 0:16:25]} 15. hxg4 {[%emt 0:00:53]} Rxh1 {[%emt 0:00:10]} 16. Bxh1 {[%emt 0:04:17]} Nh4 {[%emt 0:03:24]} 17. Be3 {[%emt 0:04:10]} bxc3 {[%emt 0:02:01]} 18. bxc3 {[%emt 0:01:58]} Nxf3 {[%emt 0:01:41]} 19. Bxf3 {[%emt 0:01:13]} Rb8 {[%emt 0:06:09]} 20. Rb1 {[%emt 0:02:04]} Rxb1 {[%emt 0:05:47]} 21. Qxb1 {[%emt 0:00:14]} Qb8 {[%emt 0:00:11]} 22. Qxb8+ {[%emt 0:03:39]} Nxb8 {[%emt 0:00:04]} 23. dxc5 {[%emt 0:14:00]} Bc4 {[%emt 0:15:18]} 24. Nc1 {[%emt 0:09:18]} Kd7 {[%emt 0:04:51]} 25. Be2 {[%emt 0:05:58]} Kc6 {[%emt 0:03:56]} 26. Nb3 {[%emt 0:03:45]} Bxb3 {[%emt 0:01:52]} 27. axb3 {[%emt 0:00:12]} Bxc5 {[%emt 0:00:14]} 28. Bxc5 {[%emt 0:02:55]} Kxc5 {[%emt 0:00:05]} 29. Ke3 {[%emt 0:02:51]} Nc6 {[%emt 0:00:19]} 30. Kd3 {[%emt 0:05:14]} g5 {[%emt 0:01:10]} 31. Ke3 {[%emt 0:07:22]} d4+ {[%emt 0:05:35]} 32. cxd4+ {[%emt 0:00:49]} Nxd4 {[%emt 0:00:06]} 33. Bd1 {[%emt 0:00:37]} Kd5 {[%emt 0:02:27]} 34. fxg5 {[%emt 0:02:03]} Kxe5 {[%emt 0:00:11]} 35. Kd3 {[%emt 0:00:38]} Kd5 {[%emt 0:00:05]} 36. g6 {[%emt 0:00:58]} fxg6 {[%emt 0:00:26]} 37. g5 {[%emt 0:00:29]} e5 {[%emt 0:00:19]} 38. Bg4 {[%emt 0:00:43]} e4+ {[%emt 0:00:41]} 39. Ke3 {[%emt 0:00:27]} Ke5 {[%emt 0:00:21]} 40. Bd1 {[%emt 0:00:38]} Nf5+ {[%emt 0:00:25]} 0-1

[Event "30th Klatovy A 2024"]
[Site "Klatovy CZE"]
[Date "2024.06.29"]
[Round "1.6"]
[White "Jordanov, Mihail"]
[Black "Bara, Jan"]
[Result "1-0"]
[WhiteElo "2177"]
[BlackElo "1909"]
[PlyCount "115"]
[EventDate "2024.06.29"]
[EventType "swiss"]
[EventRounds "9"]
[EventCountry "CZE"]

1. e4 {[%emt 0:00:05]} c5 {[%emt 0:00:11]} 2. Nf3 {[%emt 0:00:22]} d6 {[%emt 0:00:12]} 3. d4 {[%emt 0:00:52]} cxd4 {[%emt 0:00:38]} 4. Qxd4 {[%emt 0:00:15]} Bd7 {[%emt 0:02:24]} 5. Be2 {[%emt 0:01:09]} Nc6 {[%emt 0:01:01]} 6. Qe3 {[%emt 0:00:37]} g6 {[%emt 0:02:27]} 7. O-O {[%emt 0:01:17]} Bg7 {[%emt 0:00:35]} 8. Rd1 {[%emt 0:02:30]} Nf6 {[%emt 0:06:46]} 9. h3 {[%emt 0:02:11]} O-O {[%emt 0:04:17]} 10. c4 {[%emt 0:07:16]} Nb4 {[%emt 0:26:15]} 11. Ne1 {[%emt 0:09:36]} Ba4 {[%emt 0:15:44]} 12. Rd2 {[%emt 0:04:27]} Bc6 {[%emt 0:19:15]} 13. Nc3 {[%emt 0:07:09]} Qc7 {[%emt 0:10:54]} 14. Rb1 {[%emt 0:06:37]} a5 {[%emt 0:03:38]} 15. a3 {[%emt 0:03:32]} Na6 {[%emt 0:00:40]} 16. b4 {[%emt 0:00:55]} Bd7 {[%emt 0:03:42]} 17. Rc2 {[%emt 0:05:16]} Qb8 {[%emt 0:04:47]} 18. Nf3 {[%emt 0:13:17]} Rc8 {[%emt 0:03:02]} 19. Qd3 {[%emt 0:10:17]} Be6 {[%emt 0:05:46]} 20. Nd2 {[%emt 0:05:02]} Nd7 {[%emt 0:01:50]} 21. Nb5 {[%emt 0:04:57]} Ne5 {[%emt 0:03:20]} 22. Qe3 {[%emt 0:02:36]} Nc6 {[%emt 0:01:50]} 23. Bb2 {[%emt 0:01:52]} Bxb2 {[%emt 0:06:27]} 24. Rcxb2 {[%emt 0:00:35]} axb4 {[%emt 0:00:32]} 25. axb4 {[%emt 0:00:07]} Naxb4 {[%emt 0:00:27]} 26. Rxb4 {[%emt 0:00:09]} Nxb4 {[%emt 0:00:03]} 27. Rxb4 {[%emt 0:00:08]} Ra1+ {[%emt 0:00:26]} 28. Bf1 {[%emt 0:02:18]} Bd7 {[%emt 0:02:09]} 29. Nc3 {[%emt 0:04:11]} Bc6 {[%emt 0:03:15]} 30. Nd5 {[%emt 0:03:27]} Bxd5 {[%emt 0:00:39]} 31. exd5 {[%emt 0:00:06]} Qc7 {[%emt 0:00:46]} 32. g3 {[%emt 0:01:07]} Rca8 {[%emt 0:00:34]} 33. Kg2 {[%emt 0:01:45]} R8a3 {[%emt 0:00:31]} 34. Qd4 {[%emt 0:02:54]} Rd1 {[%emt 0:01:36]} 35. Qb2 {[%emt 0:01:49]} Raa1 {[%emt 0:00:34]} 36. Rxb7 {[%emt 0:00:10]} Rxd2 {[%emt 0:00:35]} 37. Rb8+ {[%emt 0:00:05]} Qxb8 {[%emt 0:00:02]} 38. Qxb8+ {[%emt 0:00:07]} Kg7 {[%emt 0:00:06]} 39. Qb6 {[%emt 0:00:57]} Rdd1 {[%emt 0:00:31]} 40. Qb2+ {[%emt 0:01:22]} f6 {[%emt 0:00:55]} 41. Bd3 {[%emt 0:01:48]} Rg1+ {[%emt 0:00:23]} 42. Kf3 {[%emt 0:00:17]} Rad1 {[%emt 0:00:53]} 43. Bc2 {[%emt 0:01:34]} Rde1 {[%emt 0:00:49]} 44. Qd4 {[%emt 0:01:31]} Rc1 {[%emt 0:00:31]} 45. Qd3 {[%emt 0:02:17]} Ra1 {[%emt 0:00:26]} 46. h4 {[%emt 0:00:52]} Rh1 {[%emt 0:00:10]} 47. Bb3 {[%emt 0:03:11]} Rae1 {[%emt 0:00:53]} 48. c5 {[%emt 0:02:58]} dxc5 {[%emt 0:00:39]} 49. d6 {[%emt 0:00:06]} exd6 {[%emt 0:00:11]} 50. Qd5 {[%emt 0:00:07]} Re5 {[%emt 0:00:50]} 51. Qf7+ {[%emt 0:00:55]} Kh6 {[%emt 0:00:04]} 52. Qf8+ {[%emt 0:00:06]} Kh5 {[%emt 0:00:08]} 53. g4+ {[%emt 0:00:06]} Kxh4 {[%emt 0:00:11]} 54. Qh6+ {[%emt 0:00:06]} Rh5 {[%emt 0:00:10]} 55. gxh5 {[%emt 0:00:08]} g5 {[%emt 0:00:23]} 56. Be6 {[%emt 0:00:39]} c4 {[%emt 0:00:20]} 57. Qxf6 {[%emt 0:00:30]} c3 {[%emt 0:00:52]} 58. Qf5 {[%emt 0:00:15]} 1-0

[Event "30th Klatovy A 2024"]
[Site "Klatovy CZE"]
[Date "2024.06.29"]
[Round "1.7"]
[White "Kovar, Petr"]
[Black "Routner, Jakub"]
[Result "0-1"]
[WhiteElo "1904"]
[BlackElo "2139"]
[PlyCount "58"]
[EventDate "2024.06.29"]
[EventType "swiss"]
[EventRounds "9"]
[EventCountry "CZE"]

1. c4 {[%emt 0:04:47]} Nf6 {[%emt 0:00:14]} 2. Nc3 {[%emt 0:00:11]} d5 {[%emt 0:00:16]} 3. cxd5 {[%emt 0:00:12]} Nxd5 {[%emt 0:00:13]} 4. g3 {[%emt 0:01:05]} c5 {[%emt 0:00:16]} 5. Bg2 {[%emt 0:05:21]} Nc7 {[%emt 0:02:16]} 6. Nf3 {[%emt 0:06:40]} Nc6 {[%emt 0:02:34]} 7. O-O {[%emt 0:00:14]} e5 {[%emt 0:00:35]} 8. d3 {[%emt 0:10:46]} Be7 {[%emt 0:00:57]} 9. Be3 {[%emt 0:01:51]} Be6 {[%emt 0:06:13]} 10. Nd2 {[%emt 0:14:15]} O-O {[%emt 0:03:24]} 11. Na4 {[%emt 0:15:07]} Bd5 {[%emt 0:12:31]} 12. Ne4 {[%emt 0:11:20]} Nd4 {[%emt 0:09:07]} 13. Rc1 {[%emt 0:01:58]} Nce6 {[%emt 0:07:03]} 14. Nac3 {[%emt 0:08:56]} Bc6 {[%emt 0:02:00]} 15. Re1 {[%emt 0:05:57]} Rc8 {[%emt 0:08:20]} 16. Bh3 {[%emt 0:12:59]} f5 {[%emt 0:07:57]} 17. Nd2 {[%emt 0:00:19]} Qe8 {[%emt 0:05:06]} 18. Nb3 {[%emt 0:04:18]} Qh5 {[%emt 0:06:33]} 19. Bf1 {[%emt 0:03:40]} Rf6 {[%emt 0:02:29]} 20. Na5 {[%emt 0:02:08]} f4 {[%emt 0:07:17]} 21. Nxc6 {[%emt 0:02:02]} Nxc6 {[%emt 0:02:09]} 22. Bd2 {[%emt 0:01:29]} Rh6 {[%emt 0:02:26]} 23. h3 {[%emt 0:01:38]} Ng5 {[%emt 0:03:27]} 24. h4 {[%emt 0:01:04]} Nd4 {[%emt 0:01:12]} 25. Bg2 {[%emt 0:03:28]} f3 {[%emt 0:04:12]} 26. e3 {[%emt 0:09:44]} Nf5 {[%emt 0:14:59]} 27. Ne4 {[%emt 0:01:28]} Nxh4 {[%emt 0:01:41]} 28. Bh1 {[%emt 0:01:01]} Ng2 {[%emt 0:00:55]} 29. Bxg2 {[%emt 0:00:32]} Qh2+ {[%emt 0:00:08]} 0-1

[Event "30th Klatovy A 2024"]
[Site "Klatovy CZE"]
[Date "2024.06.29"]
[Round "1.8"]
[White "Dvorak, Jan"]
[Black "Pasek, Josef"]
[Result "0-1"]
[WhiteElo "2133"]
[BlackElo "1891"]
[PlyCount "110"]
[EventDate "2024.06.29"]
[EventType "swiss"]
[EventRounds "9"]
[EventCountry "CZE"]

1. d4 {[%emt 0:00:06]} Nf6 2. c4 {[%emt 0:00:10]} g6 {[%emt 0:00:04]} 3. Nc3 {[%emt 0:00:11]} Bg7 {[%emt 0:00:17]} 4. e4 {[%emt 0:00:08]} d6 {[%emt 0:00:12]} 5. Nge2 {[%emt 0:00:29]} O-O {[%emt 0:02:16]} 6. Ng3 {[%emt 0:00:44]} e5 {[%emt 0:01:47]} 7. d5 {[%emt 0:00:58]} Ne8 {[%emt 0:03:33]} 8. Be2 {[%emt 0:04:02]} f5 {[%emt 0:04:39]} 9. exf5 {[%emt 0:05:09]} gxf5 {[%emt 0:00:30]} 10. f4 {[%emt 0:01:21]} e4 {[%emt 0:12:04]} 11. Be3 {[%emt 0:06:39]} c5 {[%emt 0:04:54]} 12. O-O {[%emt 0:05:58]} Nf6 {[%emt 0:01:11]} 13. Kh1 {[%emt 0:07:50]} Bd7 {[%emt 0:06:50]} 14. Rg1 {[%emt 0:06:45]} Qe8 {[%emt 0:02:22]} 15. Nh5 {[%emt 0:10:40]} Ng4 {[%emt 0:05:49]} 16. Bxg4 {[%emt 0:03:35]} fxg4 {[%emt 0:00:01]} 17. Nxg7 {[%emt 0:03:25]} Kxg7 {[%emt 0:00:07]} 18. g3 {[%emt 0:18:59]} a6 {[%emt 0:09:35]} 19. b4 {[%emt 0:03:08]} b6 {[%emt 0:09:01]} 20. Rb1 {[%emt 0:02:26]} Bf5 {[%emt 0:02:49]} 21. bxc5 {[%emt 0:02:35]} bxc5 {[%emt 0:00:02]} 22. Rb7+ {[%emt 0:05:02]} Rf7 {[%emt 0:02:45]} 23. Qb3 {[%emt 0:03:11]} Nd7 {[%emt 0:08:25]} 24. Rb1 {[%emt 0:12:34]} h5 {[%emt 0:13:20]} 25. Qa4 {[%emt 0:03:07]} h4 {[%emt 0:02:22]} 26. Ne2 {[%emt 0:01:14]} h3 {[%emt 0:12:25]} 27. Qc6 {[%emt 0:02:06]} Qf8 {[%emt 0:04:11]} 28. Nc3 {[%emt 0:03:18]} Kg6 {[%emt 0:06:31]} 29. Kg1 {[%emt 0:02:15]} Kh5 {[%emt 0:03:56]} 30. Na4 {[%emt 0:03:34]} Rg7 {[%emt 0:02:51]} 31. Nb6 {[%emt 0:04:23]} Nb8 {[%emt 0:00:34]} 32. Rxg7 {[%emt 0:01:12]} Nxc6 {[%emt 0:00:08]} 33. Rg5+ {[%emt 0:00:07]} Kh6 {[%emt 0:00:06]} 34. Nxa8 {[%emt 0:01:42]} Nd4 {[%emt 0:00:18]} 35. Nc7 {[%emt 0:02:06]} Nf3+ {[%emt 0:00:17]} 36. Kf2 {[%emt 0:00:09]} Nxg5 {[%emt 0:00:11]} 37. fxg5+ {[%emt 0:00:09]} Kg6 {[%emt 0:00:12]} 38. Ke2 {[%emt 0:00:17]} Qc8 {[%emt 0:00:21]} 39. Ne6 {[%emt 0:01:04]} Bxe6 {[%emt 0:00:01]} 40. dxe6 {[%emt 0:00:04]} Qxe6 {[%emt 0:00:07]} 41. Rc1 {[%emt 0:00:07]} Qf7 {[%emt 0:00:18]} 42. Bf4 {[%emt 0:00:26]} d5 {[%emt 0:02:32]} 43. Rb1 {[%emt 0:02:02]} Qe6 {[%emt 0:01:36]} 44. cxd5 {[%emt 0:00:10]} Qxd5 {[%emt 0:00:26]} 45. Rb6+ {[%emt 0:00:15]} Kg7 {[%emt 0:00:13]} 46. Rd6 {[%emt 0:00:32]} Qxa2+ {[%emt 0:03:10]} 47. Ke3 {[%emt 0:00:07]} Qxh2 {[%emt 0:00:34]} 48. Be5+ {[%emt 0:00:58]} Kf8 {[%emt 0:06:19]} 49. g6 {[%emt 0:00:23]} Qa2 {[%emt 0:01:48]} 50. g7+ {[%emt 0:00:19]} Ke7 {[%emt 0:00:06]} 51. Kxe4 {[%emt 0:05:04]} h2 {[%emt 0:00:31]} 52. Rh6 {[%emt 0:00:05]} Qc2+ {[%emt 0:00:27]} 53. Kf4 {[%emt 0:03:00]} Qd2+ {[%emt 0:00:05]} 54. Kf5 {[%emt 0:00:28]} Qxh6 {[%emt 0:00:22]} 55. g8=Q {[%emt 0:00:28]} Qh5+ {[%emt 0:00:07]} 0-1